LEADER 01246nam0 2200277 450 001 000024430 005 20090313160537.0 100 $a20090313d1970----km-y0itay50------ba 101 0 $aita 102 $aIT 105 $ay-------001yy 200 1 $a<>misura della produttivitą nella pubblica amministrazione, con particolare riferimento alla situazione italiana$fOrlando Scarpat$gpresentazione di Giancarlo Mazzocchi 210 $aMilano$cFranco Angeli$d1970 215 $a154 p.$d23 cm 225 2 $aISVET$v12$fIstituto per gli studi sullo sviluppo economico e il progresso tecnico 410 0$12001$aISVET 500 10$a<>misura della produttivitą nella pubblica amministrazione, con particolare riferimento alla situazione italiana$945308 610 1 $aAmministrazione pubblica$aProduttivitą 676 $a350$v17$9Amministrazione pubblica, diritto pubblico, diritto amministrativo 700 1$aScarpat,$bOrlando$0105342 702 1$aMazzocchi,$bGiancarlo$4070 801 0$aIT$bUNIPARTHENOPE$c20090313$gRICA$2UNIMARC 912 $a000024430 951 $a320/26$b4431$cNAVA2 996 $aMisura della produttivitą nella pubblica amministrazione, con particolare riferimento alla situazione italiana$945308 997 $aUNIPARTHENOPE